དུས་ཀྱི་རྣག་གཞག་རིག་པའི་དྭངས་ཤེལ་ཞེས་བྱ་བ་བཞུགས་སོ། (Record no. 348)

MARC details
000 -LEADER
fixed length control field 00591nam a2200181 4500
001 - CONTROL NUMBER
control field 397
005 - DATE AND TIME OF LATEST TRANSACTION
control field 20190909113321.0
008 - FIXED-LENGTH DATA ELEMENTS--GENERAL INFORMATION
fixed length control field 190909b ||||| |||| 00| 0 eng d
020 00 - INTERNATIONAL STANDARD BOOK NUMBER
International Standard Book Number 9789993630012
090 00 - LOCALLY ASSIGNED LC-TYPE CALL NUMBER (OCLC); LOCAL CALL NUMBER (RLIN)
Classification number (OCLC) (R) ; Classification number, CALL (RLIN) (NR) 459.45 C5457f 2009
100 00 - MAIN ENTRY--PERSONAL NAME
Personal name Chogyal, Jigme
245 00 - TITLE STATEMENT
Title དུས་ཀྱི་རྣག་གཞག་རིག་པའི་དྭངས་ཤེལ་ཞེས་བྱ་བ་བཞུགས་སོ།
Statement of responsibility, etc. Jigme Chogyal.
300 00 - PHYSICAL DESCRIPTION
Extent 271 p.
500 00 - GENERAL NOTE
General note In Dzongkha.
650 00 - SUBJECT ADDED ENTRY--TOPICAL TERM
Topical term or geographic name entry element Dzongkha language --Verb.
Topical term or geographic name entry element Dzongkha language.
942 ## - ADDED ENTRY ELEMENTS (KOHA)
Source of classification or shelving scheme Dewey Decimal Classification
Koha item type Dzongkha
Holdings
Withdrawn status Lost status Source of classification or shelving scheme Damaged status Not for loan Collection code Home library Current library Shelving location Date acquired Cost, normal purchase price Serial Enumeration / chronology Inventory number Total Checkouts Total Renewals Full call number Barcode Date last seen Date last checked out Copy number Price effective from Koha item type
    Dewey Decimal Classification     Dzongkha RTC Library RTC Library Dzongkha 12/01/2022 250.00 3647 1 1 495.45 CHO 30004086 12/01/2022 23/08/2019 3 27/11/2018 Dzongkha
    Dewey Decimal Classification     Dzongkha RTC Library RTC Library Dzongkha 12/01/2022 250.00 3645     495.45 CHO 30004214 12/01/2022   2 27/11/2018 Dzongkha
    Dewey Decimal Classification     Reference RTC Library RTC Library Reference 28/03/2022 250.00 3643     495.45 CHO 30003129 27/11/2018   5 27/11/2018 Reference
    Dewey Decimal Classification     Dzongkha RTC Library RTC Library Dzongkha 12/01/2022 250.00 3644 1   495.45 CHO 30004109 12/01/2022 23/08/2019 4 27/11/2018 Dzongkha
Royal Thimphu College || All Right Reserved